000 00801nam a2200241Ia 4500
008 191130s2002##################000#0#eng##
020 _a9781840646849
022 _a2001051132
040 _aACL
_cACL
082 _a338.60945 PAN
100 _aPaniccia, Ivana
245 _aIndustrial districts : evolution and competitiveness in Italian firms
_cIvana Paniccia
260 _aCheltenham, UK ; Northampton, MA
_bEdward Elgar Pub
_c2002
300 _axiv, 236 p. ; 24 cm
500 _aIncludes bibliographical references (p. 210-227) and index
650 _aCompetition, International
650 _aEconomics
650 _aIndustrial districts
650 _aIndustrial districts - Italy - Case studies
990 _aa973fa9eac10000c1ddb0148a66938c6
991 _a218969
999 _c214365
_d214365